Investování pro začátečníky
Salvato in:
| Autore principale: | |
|---|---|
| Natura: | Libro |
| Lingua: | ceco |
| Pubblicazione: |
Praha
Grada Publishing
2016
|
| Edizione: | 3. zcela přeprac. vyd. |
| Serie: | Finance
|
| Soggetti: | |
| Tags: |
Nessun Tag, puoi essere il primo ad aggiungerne!!
|
MARC
| LEADER | 00000nam a2200000 4500 | ||
|---|---|---|---|
| 001 | 0221737 | ||
| 005 | 20240313133032.0 | ||
| 020 | |a 978-80-271-0092-7 | ||
| 041 | 0 | |a cze | |
| 044 | |a CZ | ||
| 245 | 1 | 0 | |a Investování pro začátečníky |c Petr Syrový |
| 250 | |a 3. zcela přeprac. vyd. | ||
| 264 | 1 | |a Praha |b Grada Publishing |c 2016 | |
| 300 | |a 120 s. | ||
| 490 | 1 | |a Finance | |
| 830 | 0 | |a Finance | |
| 610 | 2 | 0 | |a investovanie |
| 610 | 2 | 0 | |a investície |
| 610 | 2 | 0 | |a investori |
| 610 | 2 | 0 | |a fondy investičné |
| 610 | 2 | 0 | |a trh finančný |
| 610 | 2 | 0 | |a trh peňažný |
| 610 | 2 | 0 | |a portfólio |
| 610 | 2 | 0 | |a riziko finančné |
| 610 | 2 | 0 | |a výnosy |
| 610 | 2 | 0 | |a efektívnosť investícií |
| 100 | 1 | |a Syrový, Petr | |